Normal view
MARC view
Entry Topical Term
001 - CONTROL NUMBER
- control field: 19699
003 - CONTROL NUMBER IDENTIFIER
- control field: OSt
005 - DATE AND TIME OF LATEST TRANSACTION
- control field: 20211122101818.0
008 - FIXED-LENGTH DATA ELEMENTS
- fixed length control field: 211122|| aca||aabn | a|a d
040 ## - CATALOGING SOURCE
- Original cataloging agency: OSt
- Transcribing agency: OSt
150 ## - HEADING--TOPICAL TERM
- Topical term or geographic name entry element: Vegetation dynamics
- Geographic subdivision: Arizona
670 ## - SOURCE DATA FOUND
- Source citation: Work cat.: (OSt)19395: Bahre, Conrad J. 19694, A legacy of change :, c1991.